Statistics for Communication Groups (JetPunk) Members

Click here to take the quiz!

General Stats

  • This quiz has been taken 23 times
    (9 since last reset)
  • The average score is 28 of 186

Answer Stats

Date AddedMember% Correct
May 31, 2021Angbo
50%
April 28, 2021WolfyIQ
50%
June 24, 2021Josiah2005
38%
June 19, 2021MiecraftMan
38%
May 18, 2021scambigol
38%
June 21, 2021thailand
38%
November 29, 2021TheNatureThread
38%
June 21, 2021Afghabwe
25%
November 29, 2021Aficionado
25%
June 21, 2021AlexThirkell
25%
May 20, 2021aloepottt
25%
May 20, 2021Andrew12
25%
August 3, 2021BigGeographyGuy
25%
May 21, 2021DrumHead510
25%
June 22, 2021FacterLiger0804
25%
April 28, 2021geographygenius1
25%
June 21, 2021Geopro
25%
May 18, 2021HelveticaBold
25%
May 18, 2021HinesBrothers
25%
May 19, 2021JohnnyYeet
25%
May 26, 2021johnsonncn5
25%
June 19, 2021MasonQuizMaster
25%
July 27, 2021PotatoDude
25%
June 22, 2021QuizzerBros
25%
June 1, 2021tacosrgood
25%
May 20, 2021WolfCam
25%
June 21, 20211ProximaCentauri
13%
June 23, 20214knowledge
13%
June 20, 20214renban
13%
June 20, 202153453
13%
August 3, 2021546454
13%
March 4, 20227oz
13%
May 18, 2021Aaron197
13%
June 8, 2021Abby
13%
May 18, 2021ajbeck
13%
June 23, 2021Akula
13%
March 21, 2022Algarve
13%
July 14, 2021Alv14
13%
May 30, 2021amappingperson
13%
July 8, 2021AmazingTres
13%
November 30, 2021AntiMatter8192
13%
July 30, 2021ARandomnQuizzer
13%
May 29, 2021BabyBaleb
13%
June 24, 2021BattleofHogwarts
13%
June 21, 2021Baxtergrad
13%
May 21, 2021Beckette
13%
June 1, 2021Benjamin312
13%
May 19, 2021benjisarocks21
13%
June 21, 2021BotswanaEmperor
13%
May 19, 2021brightbear81
13%
February 14, 2022BruhFunny
13%
May 30, 2021carrow
13%
June 22, 2021cathlete
13%
June 19, 2021CBTemple
13%
May 19, 2021Chaddius
13%
May 18, 2021chailattee
13%
May 19, 2021cherrell410
13%
June 18, 2021Chick0nPlayz
13%
June 20, 2021ChickOn
13%
June 26, 2021ChickOnNo3
13%
June 22, 2021ChineseChen
13%
June 20, 2021ClutchNferno
13%
July 13, 2021Colin1313
13%
May 4, 2022Communist
13%
June 19, 2021countryquiz28
13%
August 3, 2021ctleng76
13%
June 21, 2021DarthKnight
13%
May 20, 2021dhahi
13%
July 4, 2021Dollyfroggy
13%
May 28, 2021DrakiGuy
13%
June 25, 2021ducklingpanda1245
13%
July 31, 2021Einstein100102
13%
March 20, 2022ElementalPixel
13%
May 20, 2021EmilyDarrall
13%
May 31, 2021encomium16
13%
June 13, 2022Erman
13%
June 22, 2021Ethaboo444
13%
June 23, 2021ethanc
13%
May 28, 2021Eutychus
13%
June 21, 2021EytanMelech
13%
June 24, 2021FaroPor
13%
June 28, 2021FitzXsky
13%
May 24, 2021FizzBomb
13%
May 25, 2021Flaviopfj
13%
May 19, 2021Gabil18
13%
June 9, 2021geographinho
13%
May 19, 2021Germanwolverine
13%
June 1, 2021GoldCoastie
13%
May 18, 2021Gyovnhe
13%
June 26, 2021Haber2k12
13%
May 26, 2021Harmlessketchup
13%
May 28, 2021Heathh
13%
May 29, 2021hello
13%
June 20, 2021Hfjhjoiijklij2
13%
December 7, 2021Hiyah
13%
June 8, 2021hugopernia
13%
June 17, 2021Icottrell
13%
June 21, 2021Iluvbread123
13%
June 1, 2021Imakequiz836482
13%
March 15, 2022Insaniot
13%
June 20, 2021IronyClad
13%
May 22, 2021JackQuizzer
13%
May 18, 2021Jacktheguy
13%
May 23, 2021Jaguarsfan33
13%
May 31, 2021JakeGagnon
13%
July 13, 2021JanLouisJordaan
13%
May 18, 2021JenkinsEar
13%
June 22, 2021Jetpunker180
13%
July 11, 2021jojow
13%
May 24, 2021JoshSamuels
13%
June 1, 2021Jqxxa
13%
May 26, 2021JWatson
13%
May 18, 2021KateLanderer
13%
May 26, 2021kimad
13%
June 21, 2021KingEureka
13%
May 21, 2021kinjapan
13%
May 24, 2021KiwiQuizWhiz
13%
January 3, 2022Lalabaoof
13%
May 19, 2021Liam
13%
May 22, 2021Mat13
13%
May 23, 2021mattchoi
13%
July 13, 2021MaxStickies
13%
June 21, 2021MG17
13%
June 10, 2021MinervaMoment
13%
June 23, 2021MrBLOGGER
13%
July 13, 2021nichster
13%
June 30, 2021NiobiumVoid
13%
June 16, 2021OGOGOGOG
13%
June 27, 2021OldDakile2nd
13%
June 8, 2021onceuponaswan2015
13%
August 3, 2021ooftownroad
13%
March 29, 2022OptStudent
13%
June 22, 2021Panos96
13%
May 26, 2021paperdiego
13%
June 21, 2021PharaohsofAthens
13%
July 13, 2021PlaceQuizzes
13%
June 23, 2021polloshermanos
13%
June 1, 2021progoogle15
13%
June 24, 2021queenmaeree
13%
June 21, 2021QuizBoy786
13%
March 8, 2022Randomdude33
13%
June 21, 2021Retiree
13%
July 18, 2021richardkiri
13%
June 8, 2021RPHXX
13%
March 12, 2022SammyStudios
13%
June 22, 2021SaturnTheQuizzer
13%
April 27, 2022serpentiner
13%
May 21, 2021Shade9099
13%
June 22, 2021Shadywyvern
13%
August 4, 2021Shenuka7
13%
July 7, 2021SirPhilippines
13%
July 30, 2021sixcentsi
13%
May 19, 2021SkittlesDude
13%
June 9, 2021SomeDude59888888
13%
June 14, 2021SophiaBezzina
13%
March 7, 2022squidymad
13%
June 19, 2022Stuffyfood
13%
June 21, 2021Subha
13%
June 20, 2021SWATkun
13%
June 29, 2021syue3886
13%
May 20, 2021szandris
13%
June 20, 2021TableFor1
13%
June 27, 2021TaiwanGeography
13%
July 3, 2021TaymSerhan0
13%
June 22, 2021TEDEX
13%
June 23, 2021ThatOneGuy25
13%
January 4, 2022Thatoneguythat
13%
May 19, 2021ThatOnePunk
13%
June 21, 2021thegoatisgoaty
13%
May 29, 2021TheKnowledge122
13%
June 1, 2021TheMast3r
13%
May 31, 2021Tidu
13%
June 26, 2021TomatosRaafatos
13%
May 19, 2021TravelingMama
13%
May 26, 2021tsugaCanadensis24
13%
May 19, 2021TurkeyCookTime
13%
June 22, 2021Turkishpower249d
13%
May 19, 2021turnbacktwo
13%
June 20, 2021valdo94
13%
June 24, 2021WanPanFam
13%
July 13, 2021WilliamLAif
13%
June 24, 2021youtubeplayer
13%
May 26, 2021zack22
13%
June 25, 2021ZIZI
13%
May 19, 2021zoedad
13%
July 13, 2021Zupity
13%

Score Distribution

Percentile by Number Answered

Percent of People with Each Score

Your Score History

You have not taken this quiz since the last reset